Lipták Juraj

Podrobná bibliografia
Hlavný autor: Stachová, Marta, 1948-2015 (Autor)
Médium: Článok
Jazyk:slovenčina
Fyzický popis:Fotogr. 2
Predmet:

MARC

LEADER 00000nab a2200000 a 4500
001 vtls000503239
003 SK-MaSNL
005 20260303003310.0
008 160216c1993 xo 0 slo
015 |a SNBRB19rr/mm-uuuuu 
035 |a CL0503377 
040 |a SNKBUCL  |b slo  |c SNKBUCL  |e AACR2 
041 0 |a slo 
044 |a xo  |c SK 
080 |a 77.04-051  |2 1981 
080 |a 791.44.071.5  |2 1981 
080 |a 929 Lipták, Juraj  |2 1981 
100 1 |a Stachová, Marta,  |d 1948-2015  |4 aut  |9 8203 
245 1 0 |a Lipták Juraj  |c Marta Stachová 
300 |b Fotogr. 2 
600 1 7 |a Lipták, Juraj,  |d 1948-  |2 snkbucl  |9 371014 
655 7 |a články z novín a časopisov  |2 snkbucl  |9 267496 
773 0 |t Profil  |g Roč. 3, č. 3 (1993), s. 15-16 
850 |a Slovenská národná knižnica v Martine  |a MTA001 
852 |a SNK  |b KIS3GCP 
958 |a BX 
958 |a RK 
958 |a DE 
992 |a RBX 
999 |c 1572096  |d 1574026